[Event "Titled Tuesday intern op 16th Apr Early"]
[Site "Chess.com INT"]
[Date "2024.04.16"]
[Round "6"]
[White "Fromm, Marius"]
[Black "Perossa, Nicolas"]
[Result "0-1"]
[WhiteElo "2454"]
[BlackElo "2269"]
[PlyCount "34"]
[EventDate "2024.04.16"]
[EventType "swiss (blitz)"]
[EventRounds "11"]
[EventCountry "USA"]
[SourceTitle "CB17_2024"]
[SourceDate "2024.04.24"]
[SourceVersion "1"]
[SourceVersionDate "2024.04.24"]
[SourceQuality "1"]

1. Nf3 Nf6 2. g3 d5 3. Bg2 Nc6 4. 0-0 e5 5. d3 Bd6 6. Nc3 Be6 7. Ng5 Qd7 8. Nxe6 fxe6 9. e4 d4 10. Ne2 0-0-0 11. a3 Rdg8 12. b4 g5 13. b5 Nb8 14. a4 h5 15. Rb1 h4 16. a5 hxg3 17. fxg3 Rg6 0-1

[Event "Titled Tuesday intern op 12th Mar Early"]
[Site "Chess.com INT"]
[Date "2024.03.12"]
[Round "4"]
[White "Perossa, Nicolas"]
[Black "Hernandez Bonilla, Amelia"]
[Result "0-1"]
[WhiteElo "2266"]
[BlackElo "1976"]
[PlyCount "86"]
[EventDate "2024.03.12"]
[EventType "swiss (blitz)"]
[EventRounds "11"]
[EventCountry "USA"]
[SourceTitle "CB12_2024"]
[SourceDate "2023.10.01"]
[SourceVersion "1"]
[SourceVersionDate "2023.10.01"]
[SourceQuality "1"]

1. a3 d5 2. d4 Nf6 3. Nc3 e6 4. Bf4 Bd6 5. e3 0-0 6. Nge2 c5 7. f3 Qc7 8. Qd2 Nbd7 9. g4 e5 10. dxe5 Nxe5 11. Bg2 a6 12. 0-0-0 Nc4 13. Qd3 b5 14. Nxd5 Nxd5 15. Qxd5 Bxf4 16. Nxf4 Nxe3 17. Qxa8 Nxd1 18. Rxd1 Qxf4+ 19. Kb1 Qxh2 20. Bf1 Qc7 21. Qe4 Bb7 22. Qf5 c4 23. Rd7 Qc6 24. Re7 Qxf3 25. a4 Qd1+ 26. Ka2 Bc8 27. Qf4 Be6 28. Be2 c3+ 29. Rxe6 Qd5+ 30. Bc4 bxc4 31. Re5 Qa5 32. Qxc4 Qxe5 33. b4 Qe6 34. Qxe6 fxe6 35. Kb3 Rc8 36. b5 axb5 37. axb5 Kf7 38. Kb4 Ke7 39. b6 Kd6 40. Kb5 g6 41. b7 Rf8 42. g5 e5 43. Kb6 e4 0-1

[Event "Titled Tuesday intern op 12th Mar Late"]
[Site "Chess.com INT"]
[Date "2024.03.12"]
[Round "1"]
[White "Perossa, Nicolas"]
[Black "Riehle, Marco"]
[Result "0-1"]
[WhiteElo "2266"]
[BlackElo "2371"]
[PlyCount "72"]
[EventDate "2024.03.12"]
[EventType "swiss (blitz)"]
[EventRounds "11"]
[EventCountry "USA"]
[SourceTitle "CB12_2024"]
[SourceDate "2023.10.01"]
[SourceVersion "1"]
[SourceVersionDate "2023.10.01"]
[SourceQuality "1"]

1. Nf3 Nf6 2. g3 c5 3. Bg2 Nc6 4. 0-0 e5 5. d3 d5 6. e4 d4 7. a4 Bg4 8. Qe1 Qd7 9. Na3 Bd6 10. Nc4 Bc7 11. Nfd2 h5 12. f3 Bh3 13. Nb3 b6 14. f4 h4 15. f5 Bxg2 16. Kxg2 hxg3 17. hxg3 0-0-0 18. Qe2 Rh7 19. Bg5 Rdh8 20. Rh1 Nh5 21. Nbd2 f6 22. Bh4 Nf4+ 23. gxf4 Rxh4 24. fxe5 Nxe5 25. Nxe5 Bxe5 26. Rxh4 Rxh4 27. Rh1 Rxh1 28. Kxh1 Qxa4 29. Nc4 Qa1+ 30. Kg2 Qc1 31. Nxe5 fxe5 32. b3 Kb7 33. Kh3 Ka6 34. Qg4 Qh6+ 35. Kg3 Kb5 36. Qg5 Qxg5+ 0-1

[Event "Titled Tuesday intern op 12th Mar Early"]
[Site "Chess.com INT"]
[Date "2024.03.12"]
[Round "7"]
[White "Rohwer, Paul"]
[Black "Perossa, Nicolas"]
[Result "1-0"]
[WhiteElo "2225"]
[BlackElo "2266"]
[PlyCount "101"]
[EventDate "2024.03.12"]
[EventType "swiss (blitz)"]
[EventRounds "11"]
[EventCountry "USA"]
[SourceTitle "CB12_2024"]
[SourceDate "2023.10.01"]
[SourceVersion "1"]
[SourceVersionDate "2023.10.01"]
[SourceQuality "1"]

1. e4 g6 2. d4 Bg7 3. Nc3 d6 4. Be3 Nd7 5. Qd2 Ngf6 6. f3 c6 7. 0-0-0 a5 8. h4 a4 9. a3 Qa5 10. g4 b5 11. Nb1 Qxd2+ 12. Rxd2 h5 13. g5 Nh7 14. c4 Ba6 15. cxb5 Bxb5 16. Bxb5 cxb5 17. Nc3 Rb8 18. Nge2 Nb6 19. Rc2 Nc4 20. Bf4 Rc8 21. Kb1 Nf8 22. Rhc1 Ne6 23. Nxb5 Rb8 24. Nc7+ Nxc7 25. Rxc4 Ne6 26. Rc8+ Kd7 27. Rxh8 Bxh8 28. Rc4 Rb3 29. Rxa4 Rxf3 30. Ra7+ Kc6 31. d5+ Kb6 32. dxe6 Kxa7 33. exf7 Bg7 34. Kc2 e5 35. Bd2 Rxf7 36. Nc3 Kb6 37. b4 Bf8 38. a4 Be7 39. Nd5+ Kc6 40. b5+ Kc5 41. Kc3 Rf3+ 42. Be3+ Rxe3+ 43. Nxe3 Bd8 44. Kd3 Kb4 45. Nd5+ Kc5 46. b6 Kc6 47. Kc4 Bxb6 48. Nxb6 Kxb6 49. Kd5 Ka5 50. Kxd6 Kxa4 51. Kxe5 1-0

[Event "Mitropa Cup"]
[Site "Apolda"]
[Date "2024.02.15"]
[Round "1.4"]
[White "Perossa, Nicolas"]
[Black "Svane, Frederik"]
[Result "0-1"]
[WhiteElo "2277"]
[BlackElo "2618"]
[PlyCount "162"]
[EventDate "2024.02.15"]
[EventType "team-tourn"]
[EventRounds "9"]
[EventCountry "GER"]
[SourceTitle "CB09_2024"]
[SourceDate "2024.02.28"]
[SourceVersion "1"]
[SourceVersionDate "2024.02.28"]
[SourceQuality "1"]
[WhiteTeam "Italy"]
[BlackTeam "Germany"]
[WhiteTeamCountry "ITA"]
[BlackTeamCountry "GER"]

1. e4 e5 2. Nf3 Nc6 3. Bc4 Bc5 4. 0-0 Nf6 5. d3 d6 6. c3 0-0 7. Re1 a5 8. h3 Be6 9. Bb5 Ba7 10. Be3 Bxe3 11. Rxe3 Ne7 12. Nbd2 Ng6 13. d4 h6 14. Bf1 Re8 15. Kh2 c6 16. g3 Qc7 17. c4 exd4 18. Nxd4 Bd7 19. Qc2 h5 20. Bg2 h4 21. Qc3 Re5 22. Rf1 hxg3+ 23. fxg3 Rh5 24. Re2 Re8 25. Rxf6 gxf6 26. Qf3 Rh7 27. Qxf6 Ne5 28. Qg5+ Rg7 29. Qf4 Qd8 30. N4f3 Qb6 31. Nf1 Qc5 32. b3 Nxf3+ 33. Qxf3 Qe5 34. Rf2 Rf8 35. Ne3 Kh8 36. Bh1 Rfg8 37. Nf1 Rh7 38. Bg2 Bg4 39. Qe3 Rg6 40. Qf4 Bxh3 41. Bxh3 Rgh6 42. Qg4 Rxh3+ 43. Kg2 Qe6 44. Qxe6 fxe6 45. Rf8+ Kg7 46. Rd8 Kf6 47. Rxd6 Ke5 48. c5 Kxe4 49. Nd2+ Kf5 50. Nf3 R3h6 51. Rd4 Kf6 52. g4 Rh1 53. Rf4+ Ke7 54. Ng5 R7h2+ 55. Kg3 Re2 56. Rf7+ Ke8 57. Rxb7 e5 58. Nf7 Re3+ 59. Kf2 Rc3 60. Nd6+ Kf8 61. Kg2 Rch3 62. Rf7+ Kg8 63. Rf2 Kg7 64. Rf5 R1h2+ 65. Kg1 Re2 66. Nc4 Rc3 67. Nxa5 Rc1+ 68. Rf1 Rxc5 69. Nc4 Rxa2 70. Rf5 Rd5 71. Nxe5 c5 72. Rf7+ Kg8 73. Rf5 Rb2 74. Nc4 Rd1+ 75. Rf1 Rxf1+ 76. Kxf1 Rxb3 77. Nd2 Rb4 78. Ke2 Rxg4 79. Kf3 Rh4 80. Ne4 c4 81. Nd6 c3 0-1

[Event "Titled Tuesday intern op 13th Feb Early"]
[Site "Chess.com INT"]
[Date "2024.02.13"]
[Round "5"]
[White "Dragnev, Valentin"]
[Black "Perossa, Nicolas"]
[Result "1-0"]
[WhiteElo "2571"]
[BlackElo "2277"]
[PlyCount "95"]
[EventDate "2024.02.13"]
[EventType "swiss (blitz)"]
[EventRounds "11"]
[EventCountry "USA"]
[SourceTitle "CB08_2024"]
[SourceDate "2024.02.21"]
[SourceVersion "1"]
[SourceVersionDate "2024.02.21"]
[SourceQuality "1"]

1. d4 d6 2. e4 Nf6 3. Nc3 e5 4. Nf3 Nbd7 5. Rg1 c6 6. g4 Qa5 7. b4 Qxb4 8. Bd2 Qa3 9. g5 Nh5 10. Rb1 Qa5 11. Bc4 Qc7 12. Qe2 g6 13. Bb3 Bg7 14. Kf1 exd4 15. Nd1 Nc5 16. Kg2 0-0 17. Kh1 Kh8 18. Nb2 Re8 19. Rbe1 Bf5 20. e5 dxe5 21. Qc4 Nxb3 22. axb3 Be6 23. Qf1 Bd5 24. Kg2 e4 25. Nc4 exf3+ 26. Kh1 Rxe1 27. Qxe1 Bxc4 28. bxc4 Qe5 29. Qd1 Qe2 30. Qc1 Re8 31. Re1 Kg8 32. Rxe2 fxe2 33. Be1 Be5 34. Qd2 Nf4 35. h4 c5 36. Qa5 b6 37. Qxa7 d3 38. Qd7 Rf8 39. cxd3 Bd4 40. Bd2 Nxd3 41. Qe7 Nxf2+ 42. Kg2 Ng4 43. Qxe2 f5 44. Qe6+ Kg7 45. Qxb6 Rf7 46. Qe6 Ra7 47. Kf3 Rf7 48. Bf4 1-0

[Event "Titled Tuesday intern op 13th Feb Early"]
[Site "Chess.com INT"]
[Date "2024.02.13"]
[Round "4"]
[White "Perossa, Nicolas"]
[Black "Ambartsumova, Karina"]
[Result "1-0"]
[WhiteElo "2277"]
[BlackElo "2418"]
[PlyCount "109"]
[EventDate "2024.02.13"]
[EventType "swiss (blitz)"]
[EventRounds "11"]
[EventCountry "USA"]
[SourceTitle "CB08_2024"]
[SourceDate "2024.02.21"]
[SourceVersion "1"]
[SourceVersionDate "2024.02.21"]
[SourceQuality "1"]

1. Nc3 d5 2. d3 Nf6 3. e4 e5 4. Bg5 d4 5. Nd5 Be7 6. Nxe7 Qxe7 7. Qd2 0-0 8. h3 c5 9. f4 exf4 10. Qxf4 Nbd7 11. Nf3 h6 12. Bh4 Re8 13. Be2 Ne5 14. 0-0 Ng6 15. Bxf6 Nxf4 16. Bxe7 Nxe2+ 17. Kf2 Rxe7 18. Kxe2 Be6 19. g4 Rd7 20. b3 Rc8 21. a4 f6 22. Rf2 Rf7 23. Rg1 Kf8 24. h4 Ke7 25. Nd2 Rh8 26. Nc4 h5 27. g5 Bg4+ 28. Ke1 Rff8 29. gxf6+ gxf6 30. Na5 Rb8 31. Rgf1 Rhf8 32. Nc4 Ke6 33. Rg1 b6 34. Nd2 Rg8 35. Nf1 f5 36. exf5+ Bxf5 37. Rxg8 Rxg8 38. Kd2 Rg4 39. Nh2 Rxh4 40. Nf3 Rg4 41. Re2+ Kd6 42. Rh2 Bg6 43. Ke2 Bf7 44. Kf2 a6 45. Rh4 b5 46. axb5 axb5 47. Rxg4 hxg4 48. Nh2 Be6 49. Kg3 c4 50. bxc4 bxc4 51. Nxg4 cxd3 52. cxd3 Kc5 53. Nf2 Bf5 54. Kf4 Bg6 55. Ke5 1-0

[Event "Titled Tuesday intern op 06th Feb Early"]
[Site "Chess.com INT"]
[Date "2024.02.06"]
[Round "10"]
[White "Hnatyshyn, Anastasiya"]
[Black "Perossa, Nicolas"]
[Result "0-1"]
[WhiteElo "2178"]
[BlackElo "2277"]
[PlyCount "150"]
[EventDate "2024.02.06"]
[EventType "swiss (blitz)"]
[EventRounds "11"]
[EventCountry "USA"]
[SourceTitle "CB07_2024"]
[SourceDate "2024.02.14"]
[SourceVersion "1"]
[SourceVersionDate "2024.02.14"]
[SourceQuality "1"]

1. Nc3 c5 2. Nf3 Nc6 3. d4 cxd4 4. Nxd4 Nf6 5. e4 e6 6. Ndb5 a6 7. Nd6+ Bxd6 8. Qxd6 Qe7 9. Qxe7+ Kxe7 10. f4 d6 11. Bd3 b5 12. Be3 Bb7 13. 0-0-0 Nb4 14. a3 Nxd3+ 15. cxd3 Rac8 16. Kb1 d5 17. e5 Nd7 18. Bd4 h5 19. Ne2 a5 20. Rc1 Ba6 21. b4 a4 22. Kb2 Rxc1 23. Rxc1 Rc8 24. Rxc8 Bxc8 25. Nc3 Ba6 26. Kc2 Kd8 27. Kd2 Nb8 28. Ne2 Nc6 29. Bc5 Ke8 30. Ke3 Nb8 31. Nd4 Kd7 32. h3 g6 33. g4 hxg4 34. hxg4 Nc6 35. Nf3 Ke8 36. Ng5 Bc8 37. Nh7 Bd7 38. Nf6+ Kd8 39. Bd6 Bc8 40. Nh7 Bb7 41. Ng5 d4+ 42. Kd2 Ke8 43. Bc5 Ba8 44. Ne4 Nd8 45. Nd6+ Kd7 46. Nxb5 g5 47. fxg5 Bf3 48. Nxd4 Bxg4 49. Ke3 Nc6 50. Nb5 Bh5 51. d4 Bg6 52. Nc3 Bc2 53. Kf4 Nd8 54. b5 Nb7 55. Na2 Bd3 56. b6 Bc4 57. Nb4 Bb3 58. g6 fxg6 59. Kg5 Na5 60. Kxg6 Nc4 61. Na6 Kc6 62. Kf6 Kb7 63. Nc7 Ne3 64. Nxe6 Nd5+ 65. Kf7 Nc3 66. Ke7 Nd5+ 67. Kd6 Ne3 68. Nd8+ Kc8 69. Nc6 Nc4+ 70. Ke7 Kb7 71. Ke6 Kxc6 72. d5+ Kb7 73. Bd6 Nxb6 74. Ke7 Nxd5+ 75. Kd7 Nf4 0-1

[Event "Nova Gorica op 28th"]
[Site "Nova Gorica"]
[Date "2024.01.31"]
[Round "7"]
[White "Belyaletdinov, Leonard"]
[Black "Perossa, Nicolas"]
[Result "0-1"]
[WhiteElo "1581"]
[BlackElo "2277"]
[PlyCount "64"]
[EventDate "2024.01.26"]
[EventType "swiss"]
[EventRounds "9"]
[EventCountry "SLO"]
[SourceTitle "CB06_2024"]
[SourceDate "2024.02.07"]
[SourceVersion "1"]
[SourceVersionDate "2024.02.07"]
[SourceQuality "1"]

1. d4 Nf6 2. Nf3 g6 3. Bg5 Bg7 4. e3 h6 5. Bh4 d6 6. Bd3 Nbd7 7. c4 0-0 8. Nc3 e5 9. 0-0 c6 10. Bg3 Nh5 11. Bh4 Nhf6 12. Bg3 Qe8 13. Nd2 Nh5 14. d5 f5 15. h3 Nxg3 16. fxg3 e4 17. Be2 Qe5 18. g4 Qg3 19. gxf5 Be5 20. Ncxe4 Qh2+ 21. Kf2 gxf5 22. Ke1 fxe4 23. Nxe4 Qxg2 24. Bf3 Qxb2 25. Rc1 Nc5 26. Rg1+ Kh8 27. Rc2 Qb4+ 28. Nd2 Bf5 29. e4 Bd4 30. Rg3 Bxe4 31. a3 Rae8 32. axb4 Bxf3+ 0-1

[Event "Titled Tuesday intern op 16th Jan Early"]
[Site "Chess.com INT"]
[Date "2024.01.16"]
[Round "3"]
[White "Minina, Veronika"]
[Black "Perossa, Nicolas"]
[Result "1-0"]
[WhiteElo "2057"]
[BlackElo "2277"]
[PlyCount "147"]
[EventDate "2024.01.16"]
[EventType "swiss (blitz)"]
[EventRounds "11"]
[EventCountry "USA"]
[SourceTitle "CB04_2024"]
[SourceDate "2023.10.16"]
[SourceVersion "1"]
[SourceVersionDate "2023.10.16"]
[SourceQuality "1"]

1. Nf3 d6 2. g3 c5 3. Bg2 Nc6 4. 0-0 Bd7 5. c4 Qc8 6. Re1 h5 7. h4 Bh3 8. Bh1 Bg4 9. d3 Qd7 10. a3 e5 11. Nc3 Be7 12. Nd5 Bd8 13. b4 Nge7 14. Bg5 Nxd5 15. cxd5 Nd4 16. bxc5 Bxg5 17. hxg5 Bxf3 18. exf3 h4 19. Bg2 h3 20. cxd6 hxg2 21. Rxe5+ Kf8 22. g4 Nxf3+ 23. Qxf3 Qxd6 24. Rae1 Rh1+ 25. Kxg2 Rxe1 26. Rxe1 Rd8 27. Rc1 Qxd5 28. Qxd5 Rxd5 29. Rc7 Rxd3 30. Rxb7 Rxa3 31. f3 g6 32. Kg3 a5 33. Ra7 a4 34. Kf4 Kg7 35. Ra6 Ra1 36. Ra7 a3 37. Ra6 Kf8 38. Ra8+ Ke7 39. Ra4 Ke6 40. Ra7 a2 41. Ra8 Kd5 42. Rd8+ Kc4 43. Rc8+ Kd3 44. Rd8+ Ke2 45. Ra8 Kf1 46. Ra3 Kg1 47. Ra4 Kf2 48. Ra7 Ke1 49. Ke5 Ke2 50. Kf6 Kxf3 51. Kxf7 Kxg4 52. Kxg6 Kg3 53. Ra4 Kh3 54. Kg7 Kg3 55. g6 Kf3 56. Ra3+ Ke2 57. Kg8 Kd2 58. g7 Kc2 59. Ra8 Kb2 60. Rb8+ Kc2 61. Ra8 Kb2 62. Rb8+ Kc3 63. Ra8 Kb3 64. Rb8+ Kc3 65. Ra8 Kb3 66. Kf8 Rf1+ 67. Ke8 Re1+ 68. Kf7 Rf1+ 69. Ke6 Re1+ 70. Kf6 Rf1+ 71. Ke5 Re1+ 72. Kf5 Rg1 73. Kf6 Rg4 74. Rb8+ 1-0

[Event "Titled Tuesday intern op 09th Jan Early"]
[Site "Chess.com INT"]
[Date "2024.01.09"]
[Round "9"]
[White "Perossa, Nicolas"]
[Black "Zhu, Jiner"]
[Result "1-0"]
[WhiteElo "2277"]
[BlackElo "2467"]
[PlyCount "121"]
[EventDate "2024.01.09"]
[EventType "swiss (blitz)"]
[EventRounds "11"]
[EventCountry "USA"]
[SourceTitle "CB03_2024"]
[SourceDate "2024.01.17"]
[SourceVersion "1"]
[SourceVersionDate "2024.01.17"]
[SourceQuality "1"]

1. d4 Nf6 2. Nf3 g6 3. g3 Bg7 4. Bh3 0-0 5. 0-0 d5 6. Bg2 c5 7. c3 Ne4 8. Nbd2 Nc6 9. e3 Nxd2 10. Bxd2 b6 11. Re1 Bf5 12. Rc1 Rc8 13. b3 e5 14. dxe5 Nxe5 15. Nxe5 Bxe5 16. e4 dxe4 17. Bxe4 Bxe4 18. Rxe4 Qd5 19. Qe2 Bf6 20. c4 Qd7 21. Bc3 Bxc3 22. Rxc3 Rfe8 23. Rce3 Rxe4 24. Rxe4 a5 25. Re7 Qc6 26. Qd3 Qf6 27. Qd7 Rf8 28. Kg2 Kg7 29. h4 h5 30. Qc7 Ra8 31. a4 Rf8 32. Re3 Rd8 33. Rf3 Qd4 34. Qxf7+ Kh6 35. Rf6 Qe4+ 36. Kh2 Qg4 37. Rf4 Qd1 38. Qe7 Qd7 39. Qg5+ Kg7 40. Rf6 Qd3 41. Rxg6+ Qxg6 42. Qxd8 Qc2 43. Qc7+ Kg8 44. Qc8+ Kg7 45. Qd7+ Kg8 46. Qe6+ Kg7 47. Qe5+ Kg8 48. Qg5+ Kf8 49. Qf4+ Kg8 50. Qe3 Kg7 51. Kg2 Kg8 52. Kf3 Qd1+ 53. Ke4 Qc2+ 54. Kf4 Qg6 55. Qe4 Qf6+ 56. Qf5 Qd4+ 57. Kg5 Qc3 58. Qg6+ Kf8 59. Qf6+ Qxf6+ 60. Kxf6 Ke8 61. Kg6 1-0

[Event "Titled Tuesday intern op 09th Jan Early"]
[Site "Chess.com INT"]
[Date "2024.01.09"]
[Round "10"]
[White "Sakun, Volodymyr"]
[Black "Perossa, Nicolas"]
[Result "0-1"]
[WhiteElo "2356"]
[BlackElo "2277"]
[PlyCount "122"]
[EventDate "2024.01.09"]
[EventType "swiss (blitz)"]
[EventRounds "11"]
[EventCountry "USA"]
[SourceTitle "CB03_2024"]
[SourceDate "2024.01.17"]
[SourceVersion "1"]
[SourceVersionDate "2024.01.17"]
[SourceQuality "1"]

1. e4 d6 2. d4 Nf6 3. Nc3 e5 4. Nf3 exd4 5. Nxd4 Be7 6. Bf4 0-0 7. Qd2 c6 8. 0-0-0 b5 9. f3 Qa5 10. Nb3 Qb6 11. Bxd6 Rd8 12. e5 Bxd6 13. exd6 Be6 14. Qd4 Nbd7 15. Qxb6 axb6 16. a3 Nc5 17. Nd4 Rxd6 18. Nxe6 Rxd1+ 19. Nxd1 Nxe6 20. Bd3 Nf4 21. Bf1 N6d5 22. g3 Ne6 23. c3 Re8 24. Bd3 Nc5 25. Kc2 g6 26. f4 Kg7 27. Rf1 h5 28. f5 Ne3+ 29. Nxe3 Rxe3 30. fxg6 Rxd3 31. Rxf7+ Kxg6 32. Rc7 Rd6 33. b3 Ne4 34. a4 bxa4 35. bxa4 Nc5 36. Ra7 h4 37. gxh4 Kh5 38. a5 bxa5 39. Rxa5 Rd5 40. c4 Re5 41. Ra8 Kxh4 42. Rc8 Re6 43. Kc3 Ne4+ 44. Kd4 Ng5 45. Kc5 Ne4+ 46. Kb6 c5+ 47. Ka5 Kg4 48. Rc7 Kf4 49. Rd7 Ke3 50. Ka4 Re8 51. Kb5 Rb8+ 52. Kc6 Rb4 53. Kd5 Rb3 54. Re7 Rd3+ 55. Kc6 Rd4 56. Kb5 Kd3 57. h4 Nc3+ 58. Kc6 Rxh4 59. Kxc5 Rxc4+ 60. Kb6 Nd5+ 61. Kb5 Nxe7 0-1

[Event "Titled Tuesday intern op 19th Dec Early"]
[Site "Chess.com INT"]
[Date "2023.12.19"]
[Round "8"]
[White "Vincenti, Leonardo"]
[Black "Perossa, Nicolas"]
[Result "1-0"]
[WhiteElo "2039"]
[BlackElo "2327"]
[PlyCount "167"]
[EventDate "2023.12.19"]
[EventType "swiss (blitz)"]
[EventRounds "11"]
[EventCountry "USA"]
[SourceTitle "CB52_2023"]
[SourceDate "2023.12.27"]
[SourceVersion "1"]
[SourceVersionDate "2023.12.27"]
[SourceQuality "1"]

1. e4 c6 2. d4 d5 3. exd5 cxd5 4. Bd3 g6 5. c3 Bg7 6. Nf3 Nc6 7. 0-0 Bg4 8. Bf4 Nf6 9. Nbd2 0-0 10. h3 Bf5 11. Bxf5 gxf5 12. Re1 e6 13. Ne5 Kh8 14. Bg5 Qc7 15. Bf4 Nxe5 16. Bxe5 Qd8 17. Qf3 Rg8 18. Re2 Ne4 19. Bxg7+ Rxg7 20. Nxe4 dxe4 21. Qf4 Qd5 22. Qe5 Rag8 23. g3 h5 24. h4 Kh7 25. Kh2 Rg6 26. b3 Rc8 27. c4 Qxe5 28. dxe5 Rc5 29. Rd1 Rc7 30. Red2 Rg8 31. Rd7 Rgc8 32. Kg2 Kg6 33. Kf1 a6 34. Ke2 b5 35. cxb5 axb5 36. Rxc7 Rxc7 37. a4 bxa4 38. bxa4 Rc2+ 39. Ke3 Rc5 40. Ra1 Ra5 41. Kf4 Kg7 42. Ra3 Kf8 43. f3 exf3 44. Kxf3 Rxe5 45. a5 Rd5 46. a6 Rd8 47. a7 Ra8 48. Kf4 Ke7 49. Kg5 Kd6 50. Kxh5 Ke5 51. Kh6 Kf6 52. Kh7 e5 53. h5 f4 54. gxf4 exf4 55. h6 Kg5 56. Ra5+ Kg4 57. Kg7 f3 58. h7 f2 59. h8Q Rxh8 60. Kxh8 f1Q 61. a8Q Qf6+ 62. Kg8 Qg6+ 63. Kf8 Qh6+ 64. Kxf7 Qh7+ 65. Ke6 Qg6+ 66. Kd5 Qf7+ 67. Kc5 Qf2+ 68. Kb5 Qe2+ 69. Kb6 Qe3+ 70. Kc7 Qc3+ 71. Kb8 Qb4+ 72. Kc8 Qc3+ 73. Kd8 Qd2+ 74. Qd5 Qe3 75. Ra4+ Kg3 76. Qd6+ Kg2 77. Rg4+ Kf3 78. Qg3+ Ke2 79. Qxe3+ Kxe3 80. Ke7 Kf3 81. Ra4 Ke3 82. Ke6 Kd3 83. Ke5 Kc3 84. Rh4 1-0